Electromagnetics for engineers (Record no. 12607)

000 -LEADER
fixed length control field 00458nam a22001457a 4500
020 ## - INTERNATIONAL STANDARD BOOK NUMBER
International Standard Book Number 9788131723142
082 ## - DEWEY DECIMAL CLASSIFICATION NUMBER
Classification number 621.3 ULA
100 ## - MAIN ENTRY--PERSONAL NAME
Personal name Ulaby, Fawwaz T.
245 ## - TITLE STATEMENT
Title Electromagnetics for engineers
260 ## - PUBLICATION, DISTRIBUTION, ETC.
Place of publication, distribution, etc. New Delhi, India
Name of publisher, distributor, etc. Pearson Education
Date of publication, distribution, etc. 2005
300 ## - PHYSICAL DESCRIPTION
Extent xii, 396 p.
Accompanying material 1 CD-ROM (4 3/4 in.)
500 ## - GENERAL NOTE
General note Includes bibliographical references
650 ## - SUBJECT ADDED ENTRY--TOPICAL TERM
Topical term or geographic name entry element 1. Electromagnetic theory 2. Electromagnetic fields 3. Electromagnetism
942 ## - ADDED ENTRY ELEMENTS (KOHA)
Koha item type Book
Holdings
Withdrawn status Lost status Damaged status Not for loan Collection code Permanent Location Current Location Shelving location Date acquired Source of acquisition Cost, normal purchase price Total Checkouts Total Renewals Full call number Barcode Date last seen Date last checked out Price effective from Koha item type
          Central Library (CL) Central Library (CL) General Stacks 12/27/2013 Allied Book Company 528.00 1 3 621.3 ULA SEECS013018 10/23/2020 01/21/2015 01/11/2014 Book
© 2023 Central Library, National University of Sciences and Technology. All Rights Reserved.